LEADER 01167oam 2200349z- 450 001 996279736103316 005 20080611085154.0 010 $a1-5090-8573-4 035 $a(CKB)1000000000331538 035 $a(EXLCZ)991000000000331538 100 $a20220614c2007uuuu -u- - 101 0 $aeng 200 10$a2007 International Conference on Information Acquisition $eJeju City, Korea, 8-11 July 2007 210 $cIEEE 311 $a1-4244-1219-6 311 $a1-4244-1220-X 517 $aNetworking and Services 517 $a2007 International Conference on Information Acquisition 606 $aSensor networks$vCongresses 606 $aMultisensor data fusion$vCongresses 606 $aDetectors$vCongresses 606 $aAutomatic data collection systems$vCongresses 615 0$aSensor networks 615 0$aMultisensor data fusion 615 0$aDetectors 615 0$aAutomatic data collection systems 676 $a681/.2 712 02$aInstitute of Electrical and Electronics Engineers. 906 $aPROCEEDING 912 $a996279736103316 996 $a2007 International Conference on Information Acquisition$92876134 997 $aUNISA LEADER 03760nam 22004812 450 001 9910961172803321 005 20180709104400.0 010 $a9781783301454 010 $a1783301457 035 $a(CKB)3710000000908729 035 $a(MiAaPQ)EBC4718664 035 $a(UkCbUP)CR9781783301454 035 $a(Perlego)3259665 035 $a(EXLCZ)993710000000908729 100 $a20180510d2016|||| uy| 0 101 0 $aeng 135 $aur||||||||||| 181 $ctxt$2rdacontent 182 $cc$2rdamedia 183 $acr$2rdacarrier 200 00$aBeing evidence based in library and information practice /$fEdited by Denise Koufogiannakis and Alison Brettle 205 $a1st ed. 210 1$aLondon :$cFacet,$d2016. 215 $a1 online resource (xiv, 208 pages) $cdigital, PDF file(s) 300 $aTitle from publisher's bibliographic system (viewed on 05 Jul 2018). 311 08$a9781783300716 311 08$a178330071X 311 08$a9781783301195 311 08$a1783301198 320 $aIncludes bibliographical references and index. 327 $aIntroduction / Denise Koufogiannakis and Alison Brettle -- A new framework for EBLIP / Denise Koufogiannakis and Alison Brettle -- Articulate / Alison Brettle and Denise Koufogiannakis -- Assemble / Denise Koufogiannakis and Alison Brettle -- Assess / Alison Brettle and Denise Koufogiannakis -- Agree / Denise Koufogiannakis and Alison Brettle -- Adapt / Alison Brettle and Denise Koufogiannakis -- Practitioner-researchers and EBLIP / Virginia Wilson -- Academic libraries / Mary M. Somerville and Lorie A. Kloda -- Public libraries / Pam Ryan and Becky Cole -- Health libraries / Jonathan D. Eldredge, Joanne Gard Marshall, Alison Brettle, Heather N. Holmes, Lotta Haglund and Rick Wallace -- School libraries / Carol A. Gordon -- Special libraries / Bill Fisher -- Conclusion / Denise Koufogiannakis and Alison Brettle. 330 $aThis book builds a research-grounded, theoretical foundation for evidence based library and information practice and illustrates how librarians can incorporate the principles to make more informed decisions in the workplace. The book takes an open and encompassing approach to exploring evidence based library and information practice (EBLIP) and the ways it can improve the practice of librarianship. Bringing together recent theory, research, and case studies, the book provides librarians with a new reference point for how they can use and create evidence within their practice, in order to better meet the needs of their communities. Being Evidence Based in Library and Information Practice is divided into two parts; in the first part the editors explore the background to EBLIP and put forward a new model for its application in the workplace which encompasses 5 elements: Articulate, Assemble, Assess, Agree, Adapt. In the second part, contributors from academic, public, health, school and special libraries from around the world provide an overview of EBLIP developments in their sector and offer examples of successful implementation. Being Evidence Based in Library and Information Practice will be essential reading for library and information professionals from all sectors who want to make more informed decisions and better meet the needs of their users. The book will also be of interest to students of library and information studies and researchers. 606 $aLibrary science$xResearch 615 0$aLibrary science$xResearch. 676 $a020.72 702 $aKoufogiannakis$b Denise 702 $aBrettle$b Alison 801 0$bUkCbUP 801 1$bUkCbUP 906 $aBOOK 912 $a9910961172803321 996 $aBeing evidence based in library and information practice$93966793 997 $aUNINA